LEADER 01211nam a2200265 i 4500 001 000000036704 003 CaOOAMICUS 005 20120316000000.0 008 120316s1975 it u000 u ita u 013 $a6456 040 $aSeMil$bita 100 1 $aGentili, Bruno ,$d<1914-2014>.$0(OLS)http://semarc/name/8032 245 13$aLe teorie del discorso storico nel pensiero greco e la storiografia romana arcaica /$cBruno Gentili, Giovanni Cerri. 260 $aRoma :$bEdizioni dell'Ateneo,$c1975. 300 $a103 p. ;$c23 cm. 490 0 $aFilologia e critica ;$v15 650 4$aStoria antica.$0(OLS)http://semarc/subject/995 650 4$aStoriografia - Storia.$0(OLS)http://semarc/subject/1814 700 1 $aCerri, Giovanni,$d<1940- >.$0(OLS)http://semarc/name/11934 830 0$aFilologia e critica ;$v15.$0(OLS)http://semarc/title/23314 850 $aSeMil 852 $aSeMil$W1$xVenegono$y1$m3S III 302$j2859$B2859$CSeMilBibl$Z2$F2859 $81 961 $aOmaggio: Delpini mons. Mario 996 $6245$aLe teorie del discorso storico nel pensiero greco e la storiografia romana arcaica$9(OLS)http://semarc/title/50974 996 $6260$aRoma :$bEdizioni dell'Ateneo$9(OLS)http://semarc/publisher/30989 LEADER 01189nam a2200265 i 4500 001 000000089065 003 CaOOAMICUS 005 20031007000000.0 008 031007s2000 it u000 u ita u 013 $a61306 020 $a88-7013-60-8 040 $aSeMil$bita 245 12$aI nomi dello Spirito :$btra filosofia e religione /$ca cura di Graziano Lingua. 260 $aS. Pietro del Gallo (CN) :$bCasa Pascal d'Illonza,$c2000. 260 $aTorino :$bTrauben,$c2000. 300 $a140 p. ;$c21 cm. 500 $aVolume stampato con il contributo del Centro Studi Marcovaldo-Caraglio (CN). 650 4$aSpirito - Filosofia.$0(OLS)http://semarc/subject/13349 700 1 $aLingua, Graziano,$d<1968- >.$0(OLS)http://semarc/name/13085 850 $aSeMil 852 $aSeMil$W1$xVenegono$y1$m195 3 *$j52222$B52222$CSeMilBibl$Z2$F56665 $81 996 $6020$a88-7013-60-8$9(OLS)http://semarc/number/68898 996 $6245$aI nomi dello Spirito :$btra filosofia e religione$9(OLS)http://semarc/title/134849 996 $6260$aTorino :$bTrauben$9(OLS)http://semarc/publisher/31200 996 $6260$aS. Pietro del Gallo (CN) :$bCasa Pascal d'Illonza$9(OLS)http://semarc/publisher/43529